000 00259nam a2200097Ia 4500
008 190216s9999||||xx |||||||||||||| ||und||
100 _aKerala Sastra Sahithya Parishad
245 0 _aMalayalam-Nammude Kunjungal
260 _bKerala Bhasha Institute
942 _cBK
999 _c25200
_d25200